<?xml version="1.0" encoding="UTF-8"?>
<collection xmlns="http://www.loc.gov/MARC21/slim">
 <record>
  <leader>01872pamaa2200253   4500</leader>
  <controlfield tag="001">0000049872</controlfield>
  <controlfield tag="005">20130320090000.0</controlfield>
  <controlfield tag="008">111214                             eng  </controlfield>
  <datafield tag="020" ind1="0" ind2="0">
   <subfield code="a">9781405847308 (pbk.) </subfield>
  </datafield>
  <datafield tag="090" ind1="0" ind2="0">
   <subfield code="a">KD2079 </subfield>
   <subfield code="b">PET 2009</subfield>
  </datafield>
  <datafield tag="100" ind1="1" ind2="0">
   <subfield code="a">Pettet </subfield>
  </datafield>
  <datafield tag="245" ind1="1" ind2="0">
   <subfield code="a">Pettet's company law : </subfield>
   <subfield code="b">company and capital markets law  </subfield>
   <subfield code="c">Ben Pettet ; contributors, John Lowry, Arad Reisberg.</subfield>
  </datafield>
  <datafield tag="250" ind1="0" ind2="0">
   <subfield code="a">3rd ed.</subfield>
  </datafield>
  <datafield tag="260" ind1="0" ind2="0">
   <subfield code="a">New York: </subfield>
   <subfield code="b">Pearson Longman, </subfield>
   <subfield code="c">2009.</subfield>
  </datafield>
  <datafield tag="300" ind1=" " ind2=" ">
   <subfield code="a">li, 479 p.; </subfield>
   <subfield code="c">23 cm.</subfield>
  </datafield>
  <datafield tag="500" ind1="0" ind2="0">
   <subfield code="a">Rev. ed. of: Company law. 2nd ed. 2005</subfield>
  </datafield>
  <datafield tag="501" ind1="0" ind2="0">
   <subfield code="a">MBADI</subfield>
  </datafield>
  <datafield tag="504" ind1="0" ind2="0">
   <subfield code="a">Includes bibliographical references and index</subfield>
  </datafield>
  <datafield tag="505" ind1="0" ind2="0">
   <subfield code="a">The nature of company law -- Corporate entity, limited liability, and incorporation -- Legal theory and company law -- Entrenchment of rights -- Organisation of functions and corporate powers -- Relations with third parties : agency and constitutional limitations -- The governance problem and the mechanisms of meetings -- Duties of directors -- Other legal constraints on directors' powers -- Role of self-regulation -- Shareholder litigation : the derivative claim -- Shareholder litigation : winding up on just and equitable grounds and the unfair prejudice remedy -- Techniques of corporate finance -- Raising and maintenance of capital -- Financial assistance for the acquisition of shares -- Policy and theory in securities regulation/capital markets law -- The Regulatory Machinery of the Financial Services and Markets Act 2000 -- The regulation of public offerings of shares -- The regulation of insider dealing and market abuse -- The regulation of takeovers -- Insolvency and liquidation procedures -- Disqualification of directors</subfield>
  </datafield>
  <datafield tag="650" ind1="0" ind2="0">
   <subfield code="a">Corporation law -- </subfield>
   <subfield code="z">Great Britain </subfield>
  </datafield>
  <datafield tag="700" ind1="1" ind2="1">
   <subfield code="a">Lowry, </subfield>
   <subfield code="h">John P. </subfield>
  </datafield>
  <datafield tag="700" ind1="1" ind2="1">
   <subfield code="a">Reisberg, </subfield>
   <subfield code="h">Arad </subfield>
  </datafield>
  <datafield tag="745" ind1="1" ind2="0">
   <subfield code="a">Pettet, B. G. Company law</subfield>
  </datafield>
  <datafield tag="901" ind1=" " ind2=" ">
   <subfield code="u">www.pearsonhighered.com</subfield>
  </datafield>
 </record>
</collection>
